[Event "Lazy Baltic Pearl op-A 21st"]
[Site "Lazy"]
[Date "2025.07.01"]
[Round "2"]
[White "Darowicki, Mariusz"]
[Black "Hasinski, Krystian"]
[Result "1-0"]
[WhiteElo "2019"]
[BlackElo "1802"]
[PlyCount "51"]
[EventDate "2025.06.30"]
[EventType "swiss"]
[EventRounds "9"]
[EventCountry "POL"]
[SourceTitle "CB28_2025"]
[SourceDate "2025.07.09"]
[SourceVersion "1"]
[SourceVersionDate "2025.07.09"]
[SourceQuality "1"]

1. e4 c6 2. d4 d5 3. f3 dxe4 4. fxe4 e5 5. Nf3 exd4 6. Bc4 Be7 7. 0-0 Nf6 8. Ng5 Be6 9. Bxe6 fxe6 10. Nxe6 Qd7 11. Nxg7+ Kd8 12. Nf5 Rg8 13. Nxe7 Qxe7 14. Qxd4+ Nbd7 15. Nc3 Qg7 16. g3 c5 17. Qd3 Nh5 18. Bf4 Qg4 19. Rad1 Rc8 20. Bg5+ Ke8 21. Rf5 Rg7 22. Nb5 Rc6 23. Nd6+ Rxd6 24. Qxd6 Qxe4 25. Qb8+ Nxb8 26. Rd8# 1-0

[Event "Lazy Baltic Pearl op-A 21st"]
[Site "Lazy"]
[Date "2025.06.30"]
[Round "9"]
[White "Darowicki, Mariusz"]
[Black "Malicka, Magdalena"]
[Result "1-0"]
[WhiteElo "2019"]
[BlackElo "1927"]
[PlyCount "31"]
[EventDate "2025.06.30"]
[EventType "swiss"]
[EventRounds "9"]
[EventCountry "POL"]
[SourceTitle "CB28_2025"]
[SourceDate "2025.07.09"]
[SourceVersion "1"]
[SourceVersionDate "2025.07.09"]
[SourceQuality "1"]

1. c4 Nf6 2. g3 g6 3. Nc3 d5 4. cxd5 Nxd5 5. Bg2 Nb6 6. d4 Bg7 7. Nf3 0-0 8. 0-0 N8d7 9. Bf4 Re8 10. e4 e5 11. dxe5 Nc4 12. Bg5 Nxb2 13. Qe2 f6 14. exf6 Bxf6 15. Bxf6 Qxf6 16. Qxb2 1-0

[Event "Malopolska-ch"]
[Site "Krakow"]
[Date "2025.06.21"]
[Round "6"]
[White "Darowicki, Mariusz"]
[Black "Zarnowski, Krzysztof"]
[Result "0-1"]
[WhiteElo "2025"]
[BlackElo "2179"]
[PlyCount "108"]
[EventDate "2025.06.19"]
[EventType "swiss"]
[EventRounds "7"]
[EventCountry "POL"]
[SourceTitle "CB26_2025"]
[SourceDate "2025.06.25"]
[SourceVersion "1"]
[SourceVersionDate "2025.06.25"]
[SourceQuality "1"]

1. Nf3 Nf6 2. g3 b5 3. Bg2 Bb7 4. b3 c5 5. Bb2 e6 6. c4 b4 7. 0-0 d6 8. d4 Nbd7 9. Nbd2 Qc7 10. a3 Be7 11. axb4 cxb4 12. Qc2 d5 13. c5 0-0 14. Rfc1 Bc6 15. Ne1 Qb7 16. Nd3 Ne4 17. f3 Nxd2 18. Qxd2 a5 19. f4 Bd8 20. Rf1 f5 21. Qe3 Re8 22. Bh3 Nf6 23. Ne5 Bc7 24. Nxc6 Qxc6 25. Bg2 Kf7 26. Bc1 Qb5 27. Bd2 h6 28. Qd3 Qxd3 29. exd3 Ng8 30. g4 Ne7 31. Bh3 g6 32. Be3 Nc6 33. Ra4 Bd8 34. Rfa1 Bf6 35. Kf2 Ke7 36. gxf5 gxf5 37. Bf1 Rg8 38. Be2 Rg7 39. Bf3 Kd7 40. R1a2 Kc7 41. Ra1 Kb7 42. R1a2 Ka6 43. Bh5 Kb5 44. Kf1 Re7 45. Bd1 Bxd4 46. Bxd4 Nxd4 47. Rg2 Kxc5 48. Rg6 Nb5 49. Ra1 Kd4 50. Rxh6 Kc3 51. Ra2 Nd4 52. Rg2 Nxb3 53. Rc2+ Kd4 54. Re2 Nc5 0-1

[Event "Malopolska-ch"]
[Site "Krakow"]
[Date "2025.06.21"]
[Round "5"]
[White "Wnek, Filip"]
[Black "Darowicki, Mariusz"]
[Result "1-0"]
[WhiteElo "2161"]
[BlackElo "2025"]
[PlyCount "123"]
[EventDate "2025.06.19"]
[EventType "swiss"]
[EventRounds "7"]
[EventCountry "POL"]
[SourceTitle "CB26_2025"]
[SourceDate "2025.06.25"]
[SourceVersion "1"]
[SourceVersionDate "2025.06.25"]
[SourceQuality "1"]

1. e4 c6 2. d4 d5 3. e5 Bf5 4. h4 h5 5. c4 e6 6. Nc3 Ne7 7. Bg5 Qb6 8. Qd2 Nd7 9. Nf3 f6 10. c5 Qc7 11. Bf4 Ng6 12. Bh2 fxe5 13. Bd3 Be7 14. 0-0-0 0-0-0 15. Rde1 Rdf8 16. Bc2 Qd8 17. Nxe5 Ndxe5 18. Bxe5 Nxe5 19. Rxe5 Bxh4 20. g3 Bxc2 21. Rxh4 Bf5 22. Na4 g5 23. Rh2 h4 24. g4 Bxg4 25. Rxg5 Rhg8 26. Rxg8 Rxg8 27. Nc3 h3 28. Ne2 Qg5 29. Qxg5 Rxg5 30. Ng3 e5 31. dxe5 Rxe5 32. Kd2 b6 33. b4 Kb7 34. f3 Bxf3 35. Rxh3 Ka6 36. Rh7 bxc5 37. bxc5 Kb5 38. Rxa7 Kxc5 39. a4 Kd4 40. Rf7 Be4 41. a5 c5 42. a6 Re6 43. a7 Ra6 44. Ne2+ Kc4 45. Nc3 Bg2 46. Rg7 Bf3 47. Rf7 Bg2 48. Rg7 d4 49. Nd1 Ra2+ 50. Kc1 Be4 51. Re7 Bf3 52. Kb1 Ra6 53. Nf2 d3 54. Rf7 Be2 55. Kc1 Kc3 56. Ne4+ Kd4 57. Nd2 Kd5 58. Rg7 Ra4 59. Nb3 c4 60. Rg5+ Kc6 61. Na5+ Rxa5 62. Rxa5 1-0

[Event "Rubinstein Memorial op-D 57th"]
[Site "Polanica Zdroj"]
[Date "2021.08.22"]
[Round "9"]
[White "Kasprzak, Lukasz"]
[Black "Darowicki, Mariusz"]
[Result "0-1"]
[WhiteElo "1627"]
[BlackElo "1913"]
[PlyCount "136"]
[EventDate "2021.08.14"]
[EventType "swiss"]
[EventRounds "9"]
[EventCountry "POL"]
[SourceTitle "CBM 204 Extra"]
[Source "ChessBase"]
[SourceDate "2021.11.30"]
[SourceVersion "1"]
[SourceVersionDate "2021.11.30"]
[SourceQuality "1"]

1. e4 c5 2. c3 Nf6 3. e5 Nd5 4. d4 cxd4 5. cxd4 e6 6. Nc3 Nxc3 7. bxc3 d6 8. exd6 Bxd6 9. Qg4 0-0 10. Bd3 e5 11. Qe4 g6 12. Ne2 exd4 13. Bh6 Re8 14. Qxd4 Re5 15. Be4 Qb6 16. Qxb6 axb6 17. f3 Rea5 18. Rd1 Be7 19. Nf4 Nc6 20. Nd5 Bd8 21. Nb4 Bc7 22. Nxc6 bxc6 23. Bxc6 R8a7 24. Bd5 Be6 25. Bxe6 fxe6 26. Be3 Rxa2 27. 0-0 Rc2 28. Rb1 Ra6 29. Rfc1 Re2 30. Re1 Rea2 31. Rbd1 Ra7 32. Rb1 Rc2 33. Rec1 Rxc1+ 34. Rxc1 Kf7 35. Rb1 Rb7 36. c4 Ke7 37. g3 Kd7 38. Kf2 Kc6 39. Ra1 Rb8 40. Ra6 Kb7 41. Ra2 Rf8 42. Rb2 Kc6 43. Ra2 h5 44. Ke2 Rh8 45. Kd3 h4 46. g4 h3 47. Ke4 Rd8 48. c5 bxc5 49. Ra6+ Bb6 50. Ke5 Rd3 51. Ke4 Rd8 52. Ke5 Kb7 53. Ra2 Rd3 54. Ke4 Rb3 55. Bg5 Bc7 56. Be7 Kc6 57. Ra6+ Bb6 58. Ra2 c4 59. Ke5 Rxf3 60. Kxe6 c3 61. Bf6 Kb5 62. Kf7 Kc4 63. Kxg6 Kb3 64. Ra6 Rxf6+ 65. Kxf6 Bd4+ 66. Kf7 c2 67. Rc6 Bc3 68. Rb6+ Ka4 0-1

[Event "Rubinstein Memorial op-D 57th"]
[Site "Polanica Zdroj"]
[Date "2021.08.18"]
[Round "5"]
[White "Goral, Jan"]
[Black "Darowicki, Mariusz"]
[Result "1-0"]
[WhiteElo "1659"]
[BlackElo "1913"]
[PlyCount "83"]
[EventDate "2021.08.14"]
[EventType "swiss"]
[EventRounds "9"]
[EventCountry "POL"]
[SourceTitle "CBM 204 Extra"]
[Source "ChessBase"]
[SourceDate "2021.11.30"]
[SourceVersion "1"]
[SourceVersionDate "2021.11.30"]
[SourceQuality "1"]

1. d4 Nf6 2. c4 e6 3. g3 Bb4+ 4. Bd2 Be7 5. Bg2 d5 6. Nf3 dxc4 7. Qa4+ Bd7 8. Qxc4 Bc6 9. 0-0 0-0 10. Nc3 Nbd7 11. Qd3 a6 12. Rfd1 Rc8 13. h3 b5 14. a3 Ba8 15. b4 Nb6 16. Bc1 Nbd5 17. Ne5 Bd6 18. Ne4 Bxe5 19. dxe5 Nxe4 20. Bxe4 Nc3 21. Bxh7+ Kh8 22. Qxd8 Nxe2+ 23. Kf1 Rfxd8 24. Rxd8+ Rxd8 25. Kxe2 Kxh7 26. Be3 Bd5 27. Bd4 Kg6 28. Ke3 Kf5 29. Rc1 c6 30. Rg1 g5 31. f4 Kg6 32. fxg5 Kxg5 33. Bc5 Rh8 34. Be7+ Kg6 35. h4 Kf5 36. Bf6 Rh7 37. g4+ Kg6 38. h5+ Kh6 39. Rg3 Rg7 40. Bxg7+ Kxg7 41. g5 Ba2 42. Kd4 1-0

[Event "Rubinstein Memorial-C 53rd"]
[Site "Polanica Zdroj"]
[Date "2017.08.24"]
[Round "6"]
[White "Budnik, Mateusz"]
[Black "Darowicki, Mariusz"]
[Result "1/2-1/2"]
[WhiteElo "1987"]
[BlackElo "1942"]
[PlyCount "61"]
[EventDate "2017.08.19"]
[EventType "swiss"]
[EventRounds "9"]
[EventCountry "POL"]
[SourceTitle "CBM 180 Extra"]
[Source "ChessBase"]
[SourceDate "2017.10.06"]
[SourceVersion "1"]
[SourceVersionDate "2017.10.06"]
[SourceQuality "1"]

1. e4 e5 2. Nf3 Nc6 3. Nc3 Nf6 4. Bc4 Bc5 5. d3 h6 6. 0-0 0-0 7. h3 d6 8. Be3 Bb6 9. Re1 Be6 10. Bb3 Re8 11. Nd5 Bxd5 12. Bxd5 Nxd5 13. exd5 Ne7 14. c4 Ng6 15. a3 Bxe3 16. Rxe3 b6 17. b3 f5 18. Qe1 Qf6 19. Kh2 Rf8 20. Ra2 Rae8 21. Rae2 Nf4 22. Rc2 Ng6 23. b4 Ne7 24. b5 Ng6 25. a4 Ra8 26. a5 Qd8 27. Ra2 Nh4 28. Nxh4 Qxh4 29. f3 Qf4+ 30. Kh1 Qd4 31. Qd2 1/2-1/2

[Event "Rubinstein Memorial-C 53rd"]
[Site "Polanica Zdroj"]
[Date "2017.08.22"]
[Round "4"]
[White "Darowicki, Mariusz"]
[Black "Cap, Piotr"]
[Result "1-0"]
[WhiteElo "1942"]
[BlackElo "1793"]
[PlyCount "45"]
[EventDate "2017.08.19"]
[EventType "swiss"]
[EventRounds "9"]
[EventCountry "POL"]
[SourceTitle "CBM 180 Extra"]
[Source "ChessBase"]
[SourceDate "2017.10.06"]
[SourceVersion "1"]
[SourceVersionDate "2017.10.06"]
[SourceQuality "1"]

1. d4 d6 2. e4 c6 3. Nc3 Qc7 4. f4 e5 5. Nf3 Nd7 6. Bc4 Be7 7. fxe5 dxe5 8. dxe5 Nxe5 9. Bf4 Nd3+ 10. Qxd3 Qxf4 11. 0-0 Nh6 12. Ne2 Qc7 13. Ned4 0-0 14. c3 Ng4 15. e5 Bc5 16. Ng5 g6 17. Rxf7 Rxf7 18. Nxf7 Kg7 19. Qe2 Bd7 20. h3 Nh6 21. Nxh6 Kxh6 22. Rf1 Bf5 23. Qe3+ 1-0

[Event "Lazy Baltic Pearl op 13th"]
[Site "Lazy"]
[Date "2017.07.03"]
[Round "8"]
[White "Darowicki, Mariusz"]
[Black "Ciesielski, Jan"]
[Result "1-0"]
[WhiteElo "1924"]
[BlackElo "1669"]
[PlyCount "105"]
[EventDate "2017.06.25"]
[EventType "swiss"]
[EventRounds "9"]
[EventCountry "POL"]
[SourceTitle "EXT 2018"]
[Source "ChessBase"]
[SourceDate "2017.10.13"]
[SourceVersion "1"]
[SourceVersionDate "2017.10.13"]
[SourceQuality "1"]

1. d4 c6 2. Nf3 d5 3. Bf4 Nf6 4. e3 Bf5 5. Be2 e6 6. 0-0 Bd6 7. Ne5 Qc7 8. Nd2 Nbd7 9. Ndf3 Be4 10. Nxd7 Nxd7 11. Bxd6 Qxd6 12. Rc1 0-0 13. Nd2 Bg6 14. c4 Rac8 15. Qb3 b6 16. Rc3 Rc7 17. Rfc1 Rfc8 18. Bf3 h6 19. h3 Bh7 20. Be2 Bg6 21. Qa4 c5 22. cxd5 exd5 23. Ba6 cxd4 24. Qxd4 Rxc3 25. Rxc3 Rxc3 26. Qxc3 Nc5 27. Be2 Ne4 28. Qd4 Qc6 29. Nxe4 Bxe4 30. f3 Bg6 31. Kf2 Qc2 32. a3 Qb3 33. Bd1 Bc2 34. Be2 Bg6 35. Qd2 Bf5 36. Bd1 Qc4 37. Qb4 Qxb4 38. axb4 Kf8 39. g4 Be6 40. Ke2 Ke7 41. Kd3 Kd6 42. Kd4 Bd7 43. Bb3 Be6 44. f4 g6 45. Ba2 Kc6 46. Ke5 Kb5 47. f5 gxf5 48. gxf5 Bc8 49. Bxd5 Kxb4 50. Bxf7 a5 51. Be6 Bxe6 52. fxe6 Kb3 53. e7 1-0

[Event "Lazy Baltic Pearl op 13th"]
[Site "Lazy"]
[Date "2017.06.30"]
[Round "6"]
[White "Budnik, Mateusz"]
[Black "Darowicki, Mariusz"]
[Result "1-0"]
[WhiteElo "1989"]
[BlackElo "1924"]
[PlyCount "181"]
[EventDate "2017.06.25"]
[EventType "swiss"]
[EventRounds "9"]
[EventCountry "POL"]
[SourceTitle "EXT 2018"]
[Source "ChessBase"]
[SourceDate "2017.10.13"]
[SourceVersion "1"]
[SourceVersionDate "2017.10.13"]
[SourceQuality "1"]

1. e4 Nc6 2. d4 d5 3. e5 Bf5 4. Nf3 e6 5. c3 Nge7 6. Nbd2 a6 7. Nh4 Bg6 8. Nxg6 hxg6 9. Nf3 Nf5 10. Bd3 Nh4 11. Nxh4 Qxh4 12. h3 Be7 13. Qe2 Qh5 14. Be3 Qxe2+ 15. Kxe2 Nb8 16. b4 Nd7 17. Rhb1 0-0 18. a4 Rfc8 19. a5 c6 20. f4 Nf8 21. g4 f5 22. Rg1 Kf7 23. Rg2 Nh7 24. Rag1 Rg8 25. h4 fxg4 26. Rxg4 Nf8 27. Bf2 Rh8 28. Bxg6+ Nxg6 29. Rxg6 Rag8 30. R6g4 g6 31. Kf3 Rh6 32. Rh1 Rgh8 33. Be1 Bd8 34. Rhg1 R8h7 35. R1g2 Be7 36. Ke2 Rh8 37. Kf3 R8h7 38. Rh2 Rh8 39. Kg3 Rh5 40. Kh3 R5h6 41. Rc2 Rd8 42. Rgg2 Rdh8 43. Rg4 Rd8 44. Rh2 Rdh8 45. Kg2 Rh5 46. Kg1 R8h6 47. Kg2 Rh8 48. Kh3 R5h6 49. Bg3 Rh5 50. Rc2 Rd8 51. Rf2 Rdh8 52. Rg2 R5h6 53. Rh2 Rh5 54. Kg2 R5h6 55. Kf3 Rh5 56. Ke3 R5h6 57. Kd3 Rd8 58. Be1 Rdh8 59. Rhg2 R8h7 60. c4 dxc4+ 61. Kxc4 Rh8 62. Bd2 Bxh4 63. Kc5 Bd8 64. R4g3 Bh4 65. Rf3 Bd8 66. f5 exf5 67. Bxh6 Rxh6 68. Kd6 Rh4 69. Rd3 g5 70. Kd7 Be7 71. Kc7 g4 72. Kxb7 Bxb4 73. Kxc6 Rh6+ 74. Kd7 Rh7 75. d5 Kg6+ 76. Kc6 Bxa5 77. d6 Bd8 78. e6 Kf6 79. Re3 a5 80. Rf2 g3 81. Rxg3 Kxe6 82. Rg8 Bh4 83. Re2+ Kf7 84. Ra8 Kg6 85. Rh2 Kg5 86. d7 Rxd7 87. Kxd7 Bg3 88. Rhh8 f4 89. Rxa5+ Kg4 90. Rf8 Be1 91. Raf5 1-0

[Event "POL-chT3 Kujawsko Pomorskie 1617"]
[Site "Poland"]
[Date "2017.??.??"]
[Round "5.23"]
[White "Bieluszewski, Lukasz"]
[Black "Darowicki, Mariusz"]
[Result "0-1"]
[WhiteElo "1646"]
[BlackElo "1926"]
[PlyCount "92"]
[EventDate "2016.11.06"]
[EventType "team-tourn"]
[EventRounds "9"]
[EventCountry "POL"]
[SourceTitle "EXT 2018"]
[Source "ChessBase"]
[SourceDate "2017.10.13"]
[SourceVersion "1"]
[SourceVersionDate "2017.10.13"]
[SourceQuality "1"]

1. c4 e5 2. Nc3 Nc6 3. g3 f5 4. Bg2 Nf6 5. d3 Bc5 6. Nf3 0-0 7. Bg5 h6 8. Bxf6 Rxf6 9. Nd5 Rf8 10. a3 e4 11. Nh4 f4 12. e3 fxe3 13. fxe3 exd3 14. Qxd3 Ne5 15. Qc2 c6 16. b4 Be7 17. Nxe7+ Qxe7 18. 0-0-0 a5 19. c5 axb4 20. Qb3+ Qf7 21. Qxf7+ Rxf7 22. Rhf1 Rxa3 23. Rxf7 Nxf7 24. Nf5 Ra1+ 25. Kd2 Ra2+ 26. Kd3 d5 27. Ne7+ Kf8 28. Nxc8 Rxg2 29. Rf1 Ke8 30. e4 dxe4+ 31. Kxe4 b3 32. Kf5 b2 33. Re1+ Kd8 34. Nb6 Rf2+ 35. Kg6 Ne5+ 36. Kxg7 Rc2 37. Rd1+ Ke7 38. g4 Nc4 39. Re1+ Kd8 40. Nxc4 Rxc4 41. Rb1 Rxg4+ 42. Kxh6 Rh4+ 43. Kg5 Rxh2 44. Kf6 Kd7 45. Re1 Rf2+ 46. Kg5 Rc2 0-1